000 00332nam a2200145Ia 4500
003 OSt
005 20240227120954.0
008 170524s9999 xx 000 0 und d
020 _a9788177583861
040 _cIIMT UNIVERSITY
100 _aPetersen HC
245 0 _aMANAGERIAL ECONOMICS
260 _aNew Delhi PHI
942 _2ddc
_c02
999 _c3023
_d3023